000 00655nam a2200277Ia 4500
005 20260324130809.0
008 008 260324s9999 xx 000 0 eng d
020 _a9781315597164
037 _aEBOOK
040 _aCRL
040 _beng
040 _cCRL
041 _2eng
041 _aeng
084 _qCRL
100 _aDavid A. White
_91183122
245 0 _aMyth, Metaphysics and Dialectic in Plato's Statesman
260 _bTaylor and Francis
260 _c2007
365 _a
365 _b240
856 _uhttp://www.taylorfrancis.com/books/9781315597164
942 _cEBOOK
999 _c1779634
_d1779634